Kamus Minerva : Malay-English, English-Malay dictionary

Bibliographic Details
Main Author: Yang Kassim (Author)
Format: Book
Language:Malay
Published: Seremban : Minerva Publactions 1992
Subjects:

MARC

LEADER 00000cam a2200000 7i4500
001 0000003303
005 20240912.0
008 231023 my may
020 |a 983680112x (pbk) 
040 |a INS   |b eng   |e rda 
090 0 0 |a RPL5091.6   |b .Y36 1992 
100 0 |a Yang Kassim ,   |e author 
245 1 0 |a Kamus Minerva :   |b Malay-English, English-Malay dictionary   |c Yang Kassim 
264 1 |a Seremban :   |b Minerva Publactions   |c 1992 
300 |a 1181 pages ;   |c 19 cm. 
336 |a text  |2 rdacontent 
337 |a unmediated  |2 rdamedia 
338 |a volume  |2 rdacarrier 
650 0 |a Malay Language   |x Dictionaries   |x English Language 
999 |a 0000005448   |b BOOK   |c Red Spot   |e Default branch